Major English Language Commercial Networks - Statistics

General Stats
  • This quiz has been taken 13 times
  • The average score is 4 of 5
Answer Stats
Popular Show Network % Correct
Grey's Anatomy ABC
100%
The Big Bang Theory CBS
92%
The Simpsons Fox
92%
The Voice NBC
83%
Jane the Virgin The CW
42%
No matching quizzes found
Score Distribution
Percent of People with Each Score
Percentile by Number Answered
Your Score History
You have not taken this quiz